000 00783nam a22002657a 4500
001 00590
003 DO-SdBNP
005 20231030105227.0
007 00590
008 151117b1999 sp | 00| 0 spa d
020 _a8401260051
040 _aBPMSU
_bspa
_cBPMSU
082 4 _aCo863.44
_bG216c 1999
_222
092 _axxxxxxxx
_bxxxxxxxx
100 1 _aGarcía Márquez, Gabriel
_d1928-2014
245 1 3 _aEl coronel no tiene quién le escriba /
_cGabriel García Márquez
260 _aBarcelona, España :
_bPlaza & Janés,
_c1999.
300 _a98 p. ;
_c20 cm.
590 _aInventariado, 2023/VM
650 4 _aNovela colombiana
650 4 _aLiteratura colombiana
650 4 _aPensiones militares
_vNovela
910 _aVMateo V. Control de calidad. BPMSU
942 _2ddc
_cBK
999 _c10581
_d10581